00207nam a22000737a 4500100001600000245007800016260002900094300001000123 aPande A. K. aGrit that defied odds :bReflections of a revenue officercby A. K. Pande aDelhibKonark Pub.c2008 a197p.